[Event "Titled Tue 27th May Early"]
[Site "chess.com INT"]
[Date "2025.05.27"]
[Round "10"]
[White "Kopczynski, Michal"]
[Black "Calvo Gonzalez, Jose Felix"]
[Result "0-1"]
[WhiteTitle "CM"]
[BlackTitle "CM"]
[WhiteElo "2225"]
[BlackElo "2168"]
[WhiteFideId "1124200"]
[BlackFideId "54505615"]
[EventDate "2025.05.27"]

1. e4 c5 2. d4 cxd4 3. c3 dxc3 4. Nxc3 Nc6 5. f4 d6 6. Nf3 Nf6 7. Bd3 d5 8. e5
Ne4 9. O-O Bf5 10. Kh1 e6 11. Ne2 Bc5 12. Qe1 Nf2+ 13. Rxf2 Bxf2 14. Qxf2 Bxd3
15. Nc3 O-O 16. Ne1 Bg6 17. g4 f6 18. exf6 Qxf6 19. Bd2 Ne5 20. Qg3 Nc4 21. Bc1
Qd4 22. b3 Nd6 23. Ba3 Ne4 0-1

[Event "Titled Tue 27th May Early"]
[Site "chess.com INT"]
[Date "2025.05.27"]
[Round "10"]
[White "Krsnik Cohar, Ivan Vihor"]
[Black "Puzyrevsky, Semyon"]
[Result "0-1"]
[WhiteTitle "FM"]
[BlackTitle "FM"]
[WhiteElo "2362"]
[BlackElo "2253"]
[WhiteFideId "14520044"]
[BlackFideId "24240931"]
[EventDate "2025.05.27"]

1. d4 e6 2. Bf4 b6 3. Nd2 Bb7 4. Ngf3 Nf6 5. c3 d6 6. h3 Nbd7 7. e3 h6 8. Bc4 g5
9. Bh2 Bg7 10. a4 a6 11. O-O Qe7 12. Qe2 g4 13. hxg4 Nxg4 14. Bg3 h5 15. Bh4 Bf6
16. Bxf6 Qxf6 17. e4 h4 18. Nh2 Nxh2 19. Kxh2 Qf4+ 20. Kh1 Ke7 21. Qe3 Qg4 22.
Qh3 Qg6 23. Rae1 Rag8 24. f4 Nf6 25. f5 Qh6 26. fxe6 Rg3 27. Qf5 h3 28. Kg1 hxg2 0-1

[Event "Titled Tue 27th May Early"]
[Site "chess.com INT"]
[Date "2025.05.27"]
[Round "10"]
[White "Lyutsinger, Iren"]
[Black "Szpar, Milosz"]
[Result "1-0"]
[WhiteTitle "FM"]
[BlackTitle "IM"]
[WhiteElo "2266"]
[BlackElo "2475"]
[WhiteFideId "34425969"]
[BlackFideId "1184989"]
[EventDate "2025.05.27"]

1. e4 e6 2. d4 d5 3. Nc3 Nf6 4. Bg5 Bb4 5. e5 h6 6. Bd2 Bxc3 7. bxc3 Ne4 8. Bc1
Nxc3 9. Qg4 g6 10. Ne2 Nxe2 11. Bxe2 b6 12. h4 Ba6 13. h5 g5 14. f4 Bxe2 15.
Kxe2 Qd7 16. fxg5 Qa4 17. c3 Qc4+ 18. Kf2 Rg8 19. g6 Qxc3 20. Bxh6 Nc6 21. Rac1
Qxd4+ 22. Qxd4 Nxd4 23. gxf7+ Kxf7 24. Rxc7+ Ke8 25. Bg7 Nf5 26. h6 Nxg7 27.
hxg7 Kd8 28. Rf7 Ke8 29. Rf8+ Rxf8+ 30. gxf8=Q+ Kxf8 31. Rh8+ Kf7 32. Rxa8 a5
33. Rb8 1-0

[Event "Titled Tue 27th May Early"]
[Site "chess.com INT"]
[Date "2025.05.27"]
[Round "10"]
[White "Martinez Alcantara, Jose Eduardo"]
[Black "Khodashenas, Mersad"]
[Result "1-0"]
[WhiteTitle "GM"]
[BlackTitle "IM"]
[WhiteElo "2611"]
[BlackElo "2471"]
[WhiteFideId "3805662"]
[BlackFideId "12514195"]
[EventDate "2025.05.27"]

1. c4 c5 2. g3 Nc6 3. Bg2 g6 4. Nc3 Bg7 5. a3 d6 6. Rb1 a5 7. d3 e5 8. Nf3 Nge7
9. Nd2 O-O 10. Nf1 f5 11. Ne3 f4 12. Ned5 g5 13. O-O Be6 14. b4 axb4 15. axb4
Rb8 16. bxc5 dxc5 17. Ba3 b6 18. Qa4 Ra8 19. Nxe7+ Qxe7 20. Qxc6 Rxa3 21. Rxb6
Rxc3 22. Qxe6+ Qxe6 23. Rxe6 Rc2 24. Bf3 Rb8 25. Kg2 Kf7 26. Rc6 Bf8 27. Ra1
Rcb2 28. Raa6 fxg3 29. hxg3 Be7 30. Kh3 Rb1 31. Kg4 Rf1 32. Ra7 Re8 33. Rcc7 h5+
34. Kxh5 g4 35. Kxg4 Kf6 36. Rc6+ Kf7 37. Kf5 Rg8 38. Bd5+ 1-0

[Event "Titled Tue 27th May Early"]
[Site "chess.com INT"]
[Date "2025.05.27"]
[Round "10"]
[White "Ollier, Pablo"]
[Black "Brancaleoni, Maurizio"]
[Result "1-0"]
[WhiteTitle "FM"]
[BlackTitle "FM"]
[WhiteElo "2284"]
[BlackElo "2185"]
[WhiteFideId "652318"]
[BlackFideId "803022"]
[EventDate "2025.05.27"]

1. d4 Nf6 2. c4 e6 3. Nc3 Bb4 4. e3 O-O 5. Bd3 d5 6. a3 dxc4 7. Bxh7+ Kxh7 8.
axb4 Nbd7 9. Nf3 c6 10. O-O b5 11. e4 Rh8 12. Bg5 Qb6 13. e5 Nd5 14. Ne4 Nxb4
15. Nd6 Kg8 16. Be3 Nd5 17. Ng5 Nxe5 18. dxe5 Nxe3 19. Qf3 Nf5 20. Rfd1 Nxd6 21.
Rxd6 Qc7 22. Rd8+ Qxd8 23. Qxf7# 1-0

[Event "Titled Tue 27th May Early"]
[Site "chess.com INT"]
[Date "2025.05.27"]
[Round "10"]
[White "Lai, Duc Minh"]
[Black "Deveci, Huseyin Said"]
[Result "0-1"]
[BlackTitle "CM"]
[WhiteElo "2072"]
[BlackElo "2212"]
[WhiteFideId "12420387"]
[BlackFideId "26322455"]
[EventDate "2025.05.27"]

1. e4 e5 2. Nf3 Nc6 3. d4 exd4 4. Nxd4 Nf6 5. Nxc6 bxc6 6. e5 Qe7 7. Qe2 Nd5 8.
h4 a5 9. c4 Ba6 10. Bg5 Qb4+ 11. Kd1 Bxc4 12. Qxc4 Qxb2 13. Bd3 Qxa1 14. Bc1 Rb8
15. Re1 Rxb1 16. Bxb1 Qxb1 17. e6 fxe6 18. Qa6 Bb4 19. Qc8+ Ke7 20. Qxh8 Qd3+ 0-1

[Event "Titled Tue 27th May Early"]
[Site "chess.com INT"]
[Date "2025.05.27"]
[Round "10"]
[White "Daspres, Loic"]
[Black "Sabuk, Piotr"]
[Result "0-1"]
[WhiteTitle "CM"]
[BlackTitle "IM"]
[WhiteElo "2207"]
[BlackElo "2321"]
[WhiteFideId "20612281"]
[BlackFideId "1137565"]
[EventDate "2025.05.27"]

1. e4 c6 2. d4 d5 3. exd5 cxd5 4. c4 Nf6 5. Nc3 Nc6 6. Nf3 a6 7. cxd5 Nxd5 8.
Bc4 Be6 9. Qe2 Nxc3 10. bxc3 Bxc4 11. Qxc4 e6 12. Rb1 Qd7 13. Bd2 Be7 14. Ne5
Nxe5 15. dxe5 O-O 16. Qg4 Rfd8 17. Bh6 g6 18. Be3 Rac8 19. h4 Qd3 20. Rc1 Rxc3
21. Rxc3 Qxc3+ 22. Ke2 Qc2+ 23. Kf3 Qxa2 24. h5 Qd5+ 25. Kg3 Qxe5+ 26. Bf4 Qf5
27. Qxf5 gxf5 28. Rb1 Rd7 29. Rc1 f6 30. Rc8+ Kf7 31. Rh8 Kg7 32. Rb8 e5 33. Bc1
Bd6 34. Ra8 h6 35. f3 Rc7 36. Bd2 Rc2 0-1

[Event "Titled Tue 27th May Early"]
[Site "chess.com INT"]
[Date "2025.05.27"]
[Round "10"]
[White "Eames, Robert S"]
[Black "Matskevich, Varvara"]
[Result "0-1"]
[WhiteTitle "FM"]
[BlackTitle "WFM"]
[WhiteElo "2136"]
[BlackElo "1988"]
[WhiteFideId "408743"]
[BlackFideId "13523465"]
[EventDate "2025.05.27"]

1. e4 c5 2. Nf3 d6 3. d4 cxd4 4. Nxd4 Nf6 5. Nc3 a6 6. h3 e5 7. Nf3 h6 8. g4 Be7
9. Rg1 Be6 10. g5 hxg5 11. Nxg5 Bd7 12. Bc4 O-O 13. Qf3 b5 14. Bb3 b4 15. Nd5
Nc6 16. Qg2 Nh5 17. Be3 Nd4 18. Bxd4 exd4 19. Nxe7+ Qxe7 20. Nxf7 Rxf7 21. Qg6
Kf8 22. Qxh5 Qxe4+ 23. Kf1 Bb5+ 0-1

[Event "Titled Tue 27th May Early"]
[Site "chess.com INT"]
[Date "2025.05.27"]
[Round "10"]
[White "Idani, Pouya"]
[Black "Tsydypov, Zhamsaran"]
[Result "0-1"]
[WhiteTitle "GM"]
[BlackTitle "GM"]
[WhiteElo "2630"]
[BlackElo "2514"]
[WhiteFideId "12510130"]
[BlackFideId "4108566"]
[EventDate "2025.05.27"]

1. d4 Nf6 2. c4 g6 3. Nc3 Bg7 4. e4 d6 5. h3 O-O 6. Be3 c5 7. Nf3 Nc6 8. d5 Na5
9. Be2 e6 10. O-O exd5 11. exd5 Re8 12. Bd3 a6 13. Qd2 b5 14. cxb5 axb5 15. Bxb5
Bd7 16. Be2 Ne4 17. Nxe4 Rxe4 18. Rac1 Ra4 19. b3 Ra3 20. Bd3 Nb7 21. Bb1 c4 22.
bxc4 Nc5 23. Nd4 Qb6 24. Nb3 Nxb3 25. axb3 Qxb3 26. Bd4 Rc8 27. Bxg7 Kxg7 28.
Qd4+ Kg8 29. Bd3 0-1

[Event "Titled Tue 27th May Early"]
[Site "chess.com INT"]
[Date "2025.05.27"]
[Round "10"]
[White "Dogan, Umut Anil"]
[Black "Karas, Eugenia"]
[Result "0-1"]
[WhiteTitle "CM"]
[BlackTitle "WFM"]
[WhiteElo "2123"]
[BlackElo "2124"]
[WhiteFideId "51618060"]
[BlackFideId "463485"]
[EventDate "2025.05.27"]

1. e4 c5 2. Nf3 d6 3. g3 e5 4. Bg2 g6 5. O-O Bg7 6. c3 Nc6 7. d4 cxd4 8. cxd4
exd4 9. Na3 Nge7 10. Nc2 Bg4 11. h3 Bxf3 12. Bxf3 O-O 13. Rb1 d5 14. b4 dxe4 15.
Bxe4 a6 16. Bb2 Qd7 17. Qf3 Qxh3 18. a4 Ne5 19. Qg2 Qxg2+ 20. Kxg2 d3 21. Ne3
Rab8 22. f4 N5c6 23. Bxg7 Kxg7 24. Bxd3 Rfd8 25. Be4 Rd2+ 26. Kf3 Nd4+ 27. Kg4
f5+ 28. Kg5 h6+ 29. Kh4 Rh2# 0-1

[Event "Titled Tue 27th May Early"]
[Site "chess.com INT"]
[Date "2025.05.27"]
[Round "10"]
[White "Lisenkov, Svyatoslav"]
[Black "Shevchenko, Yaroslav"]
[Result "1-0"]
[WhiteTitle "CM"]
[WhiteElo "2241"]
[BlackElo "2137"]
[WhiteFideId "34264183"]
[BlackFideId "34144684"]
[EventDate "2025.05.27"]

1. e4 c5 2. Nf3 e6 3. Be2 Nc6 4. O-O Nf6 5. Nc3 Be7 6. Re1 Qc7 7. Bf1 d6 8. d3
O-O 9. h3 Rb8 10. a4 a6 11. Bf4 e5 12. Bg5 Be6 13. Nh2 Rfe8 14. Bxf6 Bxf6 15.
Ng4 Bg5 16. Ne3 Ne7 17. a5 Rbd8 18. Qh5 Bh6 19. Ng4 Bf4 20. g3 Bd2 21. Red1 Bxc3
22. bxc3 Bxg4 23. hxg4 d5 24. g5 Rd6 25. Bg2 dxe4 26. Bxe4 h6 27. Kg2 f5 28.
Qxe8+ 1-0

[Event "Titled Tue 27th May Early"]
[Site "chess.com INT"]
[Date "2025.05.27"]
[Round "10"]
[White "Goltsev, Dmitry"]
[Black "Ivannikov, Maksim"]
[Result "1-0"]
[WhiteTitle "FM"]
[BlackTitle "CM"]
[WhiteElo "2183"]
[BlackElo "2184"]
[WhiteFideId "24176710"]
[BlackFideId "34275339"]
[EventDate "2025.05.27"]

1. e4 e5 2. Nf3 Nc6 3. Bb5 a6 4. Ba4 Nf6 5. O-O Nxe4 6. d4 b5 7. Bb3 d5 8. dxe5
Be6 9. Be3 Be7 10. c3 Na5 11. Bc2 Nc4 12. Bc1 c5 13. b3 Nb6 14. Re1 Bf5 15. Bb2
O-O 16. Nbd2 Nxd2 17. Bxf5 Nxf3+ 18. Qxf3 Kh8 19. Rad1 Qc7 20. Bc1 Rae8 21. Bb1
f5 22. exf6 Rxf6 23. Qh3 g6 24. Bg5 Rf7 25. Bxg6 Rg7 26. Bf6 Bxf6 27. Rxe8+ Rg8
28. Rde1 Qg7 29. Rxg8+ Qxg8 30. Re8 h6 31. Rxg8+ Kxg8 32. Qe6+ 1-0

[Event "Titled Tue 27th May Early"]
[Site "chess.com INT"]
[Date "2025.05.27"]
[Round "10"]
[White "Noy, Eyal"]
[Black "Toncheva, Nadya"]
[Result "0-1"]
[WhiteTitle "FM"]
[BlackTitle "FM"]
[WhiteElo "2346"]
[BlackElo "2332"]
[WhiteFideId "2821117"]
[BlackFideId "2924056"]
[EventDate "2025.05.27"]

1. e4 g6 2. d4 Bg7 3. Nc3 d6 4. f4 a6 5. Nf3 Nf6 6. Bd3 O-O 7. O-O c5 8. e5 Ng4
9. dxc5 dxe5 10. h3 e4 11. Nxe4 Nf6 12. c3 Nbd7 13. Nxf6+ Bxf6 14. Be3 Qc7 15.
b4 Bxc3 16. Rb1 a5 17. a3 Bg7 18. Nd4 axb4 19. axb4 Nf6 20. Qf3 Rd8 21. Rfd1 Nd5
22. Bf2 Nc3 23. Nb5 Nxb5 24. Bxb5 Bf5 25. Bd3 Ra3 26. Bxf5 Rxf3 27. Rxd8+ Qxd8
28. gxf3 gxf5 29. b5 Qd3 30. Rb4 Bc3 31. Ra4 Qd1+ 32. Kg2 Qxa4 0-1

[Event "Titled Tue 27th May Early"]
[Site "chess.com INT"]
[Date "2025.05.27"]
[Round "10"]
[White "Saiz Rodriguez, Daniel Evelio"]
[Black "Newansa, M Esandi"]
[Result "1-0"]
[WhiteTitle "FM"]
[BlackTitle "WCM"]
[WhiteElo "2187"]
[BlackElo "1947"]
[WhiteFideId "3523420"]
[BlackFideId "9999060"]
[EventDate "2025.05.27"]

1. c4 c6 2. Nf3 d5 3. g3 Nf6 4. Bg2 Bf5 5. O-O e6 6. d3 Nbd7 7. Qb3 Qb6 8. Be3
Bc5 9. d4 Be7 10. c5 Qa6 11. Nc3 b6 12. cxb6 axb6 13. Ne5 Nxe5 14. dxe5 Nd7 15.
Rfc1 O-O 16. f4 Rac8 17. h3 c5 18. Qb5 Qa7 19. g4 Bg6 20. f5 exf5 21. Nxd5 Bd8
22. Bf4 fxg4 23. hxg4 Nb8 24. Rd1 Nc6 25. e3 Bc2 26. Rd2 Ba4 27. Qd3 Ne7 28. Be4
Nxd5 29. Bxh7+ Kh8 30. Rh2 Nxf4 31. Bg8+ Kxg8 32. Qh7# 1-0

[Event "Titled Tue 27th May Early"]
[Site "chess.com INT"]
[Date "2025.05.27"]
[Round "10"]
[White "Giri, Anish"]
[Black "Yilmaz, Mustafa"]
[Result "1-0"]
[WhiteTitle "GM"]
[BlackTitle "GM"]
[WhiteElo "2738"]
[BlackElo "2586"]
[WhiteFideId "24116068"]
[BlackFideId "6302718"]
[EventDate "2025.05.27"]

1. Nf3 d5 2. e3 Nf6 3. Be2 c6 4. c4 Bf5 5. Nc3 e6 6. Nh4 Be4 7. d3 Bg6 8. d4
Nbd7 9. O-O Bd6 10. g3 Qe7 11. Qb3 Rb8 12. Bd2 O-O 13. Nxg6 hxg6 14. Rfd1 b5 15.
cxb5 cxb5 16. Be1 a6 17. a4 bxa4 18. Qa2 Nb6 19. Bxa6 Ra8 20. Bf1 Rfb8 21. Nb5
Bb4 22. Bxb4 Qxb4 23. Nc7 Ra5 24. Na6 Rxa6 25. Bxa6 Ne4 26. Bd3 Nd2 27. Qa3 Nbc4
28. Bxc4 Nxc4 29. Qxa4 Qxb2 30. Qa2 Nd2 31. Rxd2 1-0

[Event "Titled Tue 27th May Early"]
[Site "chess.com INT"]
[Date "2025.05.27"]
[Round "10"]
[White "Gavarrete, Nahun"]
[Black "Madi, Aidana"]
[Result "0-1"]
[WhiteTitle "FM"]
[BlackTitle "WFM"]
[WhiteElo "2281"]
[BlackElo "1855"]
[WhiteFideId "8400709"]
[BlackFideId "13722689"]
[EventDate "2025.05.27"]

1. e4 c6 2. d4 d5 3. e5 c5 4. c3 Nc6 5. Nf3 Bg4 6. Be3 e6 7. Qb3 Qc7 8. Nbd2
Nge7 9. h3 Bxf3 10. Nxf3 Nf5 11. g4 cxd4 12. cxd4 Bb4+ 13. Kd1 Nxe3+ 14. fxe3
O-O 15. Bd3 f6 16. Rc1 fxe5 17. Nxe5 Bd6 18. Nxc6 bxc6 19. Kc2 Rab8 20. Qa4 Rf2+
21. Kd1 Rbxb2 22. Qxc6 Rfd2+ 23. Ke1 Qxc6 24. Rxc6 Bg3+ 25. Kf1 Rd1# 0-1

[Event "Titled Tue 27th May Early"]
[Site "chess.com INT"]
[Date "2025.05.27"]
[Round "10"]
[White "Mateus, Martha"]
[Black "Melikhov, Evgeny V."]
[Result "1-0"]
[WhiteTitle "WIM"]
[BlackTitle "FM"]
[WhiteElo "1963"]
[BlackElo "2154"]
[WhiteFideId "4401549"]
[BlackFideId "4122046"]
[EventDate "2025.05.27"]

1. d4 Nf6 2. c4 e6 3. Nc3 Bb4 4. f3 d5 5. a3 Bxc3+ 6. bxc3 c6 7. cxd5 cxd5 8. e3
O-O 9. Bd3 b6 10. Ne2 Ba6 11. O-O Bxd3 12. Qxd3 Nc6 13. Bb2 Na5 14. Rad1 Nc4 15.
Bc1 Nd6 16. Ng3 Qd7 17. e4 Qb5 18. e5 Qxd3 19. Rxd3 Nfe8 20. exd6 Nxd6 21. a4
Rfc8 22. Re1 Rc4 23. f4 g6 24. Ba3 Nb7 25. f5 gxf5 26. Nh5 Rc7 27. Rg3+ Kh8 28.
Nf6 Na5 29. Bd6 Rb7 30. Be5 h6 31. Nh5+ Kh7 32. Rg7+ 1-0

[Event "Titled Tue 27th May Early"]
[Site "chess.com INT"]
[Date "2025.05.27"]
[Round "10"]
[White "Zhigalko, Sergei"]
[Black "Karttunen, Mika"]
[Result "1-0"]
[WhiteTitle "GM"]
[BlackTitle "IM"]
[WhiteElo "2572"]
[BlackElo "2490"]
[WhiteFideId "13502956"]
[BlackFideId "502081"]
[EventDate "2025.05.27"]

1. e4 e5 2. Nf3 Nc6 3. Bc4 Bc5 4. b4 Bxb4 5. c3 Be7 6. d4 Na5 7. Bd3 d6 8. dxe5
dxe5 9. Nxe5 Nf6 10. O-O O-O 11. Qc2 c6 12. Nd2 Qc7 13. f4 b6 14. Nb3 Nb7 15.
Nf3 h6 16. e5 Nd5 17. a3 Nc5 18. c4 Nxd3 19. Qxd3 Ba6 20. Qc2 Bc5+ 21. Nxc5 bxc5
22. cxd5 Bxf1 23. d6 Qb6 24. Kxf1 Rab8 25. Be3 Qb5+ 26. Kg1 c4 27. Rc1 Qb3 28.
Bxa7 Rb7 29. Bc5 Ra8 30. Qxc4 Qxc4 31. Rxc4 Rb1+ 32. Kf2 Rb2+ 33. Kg3 g6 34. Bb4 1-0

[Event "Titled Tue 27th May Early"]
[Site "chess.com INT"]
[Date "2025.05.27"]
[Round "10"]
[White "Piddubna, Bozhena"]
[Black "Butti, Enrique"]
[Result "1-0"]
[WhiteTitle "WFM"]
[BlackTitle "CM"]
[WhiteElo "2174"]
[BlackElo "1998"]
[WhiteFideId "34109293"]
[BlackFideId "3700470"]
[EventDate "2025.05.27"]

1. d4 Nf6 2. c4 e6 3. Nf3 c5 4. d5 exd5 5. cxd5 d6 6. Nc3 a6 7. a4 g6 8. e4 Bg4
9. h3 Bxf3 10. Qxf3 Bg7 11. Bd3 O-O 12. O-O Nbd7 13. Bf4 Ne8 14. Qg3 Qe7 15.
Rfe1 Rb8 16. a5 b5 17. axb6 Rxb6 18. Rxa6 Rxb2 19. Nb5 Ne5 20. Bf1 c4 21. Nd4
Nd3 22. Nc6 Qb7 23. Ra7 Qxa7 24. Nxa7 Nxe1 25. Bxc4 Nc2 26. Nc6 Rb1+ 27. Kh2 Re1
28. Bxd6 Nxd6 29. Qxd6 Rxe4 30. Bd3 1-0

[Event "Titled Tue 27th May Early"]
[Site "chess.com INT"]
[Date "2025.05.27"]
[Round "10"]
[White "Kovalevsky, Stanislav"]
[Black "Masague Artero, Guerau"]
[Result "0-1"]
[WhiteTitle "FM"]
[BlackTitle "FM"]
[WhiteElo "2098"]
[BlackElo "2326"]
[WhiteFideId "13508598"]
[BlackFideId "32098952"]
[EventDate "2025.05.27"]

1. e4 g6 2. h4 Nf6 3. e5 Nh5 4. g4 Ng7 5. d4 d6 6. exd6 Qxd6 7. Nc3 h5 8. g5 Nf5
9. Nf3 Bg7 10. Ne4 Qd5 11. Qe2 Nxd4 12. Nxd4 Qxd4 13. Bf4 Qxb2 14. Rd1 O-O 15.
Bg2 Nc6 16. O-O Bg4 17. f3 Bf5 18. Rb1 Qxa2 19. Rxb7 Nd4 20. Qd3 Ne6 21. Bxc7
Nc5 22. Nxc5 Bxd3 23. cxd3 Bd4+ 0-1

[Event "Titled Tue 27th May Early"]
[Site "chess.com INT"]
[Date "2025.05.27"]
[Round "10"]
[White "Wijerathna, Vinuka Dihain"]
[Black "Gelman, Alexander"]
[Result "1-0"]
[WhiteTitle "CM"]
[BlackTitle "IM"]
[WhiteElo "2063"]
[BlackElo "2403"]
[WhiteFideId "29981905"]
[BlackFideId "4118316"]
[EventDate "2025.05.27"]

1. e4 c5 2. Nf3 e6 3. c3 b6 4. Qa4 Bb7 5. Bd3 a6 6. O-O Nc6 7. Re1 g5 8. e5 h5
9. h3 g4 10. hxg4 hxg4 11. Qxg4 Nh6 12. Qf4 Ne7 13. Be4 Nd5 14. Qg5 Qc7 15. d4
Be7 16. Qg7 O-O-O 17. Bxh6 Rdg8 18. Qxf7 Qd8 19. Bg7 Rf8 20. Bxf8 Rxf8 21. Qg6
Rg8 22. Qh6 Bf8 23. Qh4 Be7 24. Qh6 Bf8 25. Qc1 Qe7 26. Nbd2 Qg7 27. g3 1-0

[Event "Titled Tue 27th May Early"]
[Site "chess.com INT"]
[Date "2025.05.27"]
[Round "10"]
[White "Andreikin, Dmitry"]
[Black "Sychev, Klementy"]
[Result "1-0"]
[WhiteTitle "GM"]
[BlackTitle "GM"]
[WhiteElo "2695"]
[BlackElo "2542"]
[WhiteFideId "4158814"]
[BlackFideId "4114060"]
[EventDate "2025.05.27"]

1. a3 e5 2. b4 d5 3. Bb2 Bd6 4. e3 Qe7 5. c4 dxc4 6. Bxc4 Nf6 7. Nc3 O-O 8. Nge2
a5 9. b5 Nbd7 10. Ng3 Nb6 11. Bd3 a4 12. Qc2 Re8 13. O-O Bd7 14. Nce4 Nbd5 15.
Bc4 c6 16. bxc6 bxc6 17. Nxf6+ Nxf6 18. Nf5 Bxf5 19. Qxf5 Reb8 20. Rab1 Nd7 21.
Qe4 Rb6 22. Bc3 Nf6 23. Qf3 Rab8 24. Rxb6 Rxb6 25. Ba5 e4 26. Qf5 g6 27. Qc8+ 1-0

[Event "Titled Tue 27th May Early"]
[Site "chess.com INT"]
[Date "2025.05.27"]
[Round "10"]
[White "Tiitta, Sauli"]
[Black "Bold, Andre"]
[Result "1/2-1/2"]
[BlackTitle "CM"]
[WhiteElo "2157"]
[BlackElo "2235"]
[WhiteFideId "502251"]
[BlackFideId "16208471"]
[EventDate "2025.05.27"]

1. g4 e5 2. d4 exd4 3. Nf3 d5 4. Nxd4 Bxg4 5. Rg1 Bd7 6. Bg5 Nf6 7. Nc3 c6 8.
Qd3 Be7 9. Nf5 Bxf5 10. Qxf5 Qd7 11. Bh3 Qxf5 12. Bxf5 g6 13. Bd3 Nbd7 14. O-O-O
Ne5 15. f4 Nxd3+ 16. exd3 Kd7 17. Rde1 Ng8 18. Ne2 h6 19. Bxe7 Nxe7 20. Ng3 Rae8
21. Kd2 Nf5 22. Nxf5 Rxe1 23. Kxe1 gxf5 24. Rg7 Ke6 25. Kf2 Kf6 26. Rg3 Re8 27.
Re3 Re6 28. c3 d4 29. Rxe6+ Kxe6 30. c4 b5 31. b3 bxc4 32. bxc4 Kd6 33. Ke2 Kc5
34. Kd2 Kb4 35. Kc2 Ka3 36. Kb1 a5 37. Ka1 a4 38. Kb1 Kb4 39. Kb2 a3+ 40. Kc2
Ka4 41. Kd2 Kb4 42. Kc2 Ka4 43. Kd2 Kb4 44. Kc2 1/2-1/2

[Event "Titled Tue 27th May Early"]
[Site "chess.com INT"]
[Date "2025.05.27"]
[Round "10"]
[White "Rabin, Evan"]
[Black "Perry, Patrick"]
[Result "1-0"]
[WhiteElo "1945"]
[BlackElo "2296"]
[WhiteFideId "2028670"]
[BlackFideId "30917727"]
[EventDate "2025.05.27"]

1. e4 Nf6 2. e5 Nd5 3. d4 d6 4. c4 Nb6 5. exd6 exd6 6. Nc3 Be7 7. Bd3 O-O 8.
Nge2 N8d7 9. O-O Nf6 10. b3 c5 11. d5 Bg4 12. f3 Bh5 13. Nf4 Bg6 14. Nxg6 hxg6
15. Re1 Re8 16. Bf4 Nh5 17. Be3 Bf6 18. Qd2 Rxe3 19. Rxe3 Bd4 20. Re1 Nf4 21.
Kf1 Bxe3 22. Qxe3 Qg5 23. g3 Nh3 24. Qxg5 Nxg5 25. f4 Nf3 26. Re7 Nxh2+ 27. Kg2
Ng4 28. Nb5 Rd8 29. Rxb7 f5 30. Nxa7 Nd7 31. Nc6 Ra8 32. Rxd7 Rxa2+ 33. Kf1 Rd2
34. Be2 Nf6 35. Rxd6 Ne4 36. Rd8+ Kh7 37. Ke1 Rb2 38. Re8 Rb1+ 39. Bd1 Nc3 40.
Kd2 Nxd1 41. Kc2 Ra1 42. d6 Nf2 43. d7 Ra2+ 44. Kb1 Rd2 45. d8=Q Nd3 46. Qh4# 1-0

[Event "Titled Tue 27th May Early"]
[Site "chess.com INT"]
[Date "2025.05.27"]
[Round "10"]
[White "Skiadopoulos, Nikolaos"]
[Black "Lopez Abreu, Michel Samuel"]
[Result "1-0"]
[WhiteTitle "CM"]
[BlackTitle "FM"]
[WhiteElo "1882"]
[BlackElo "2038"]
[WhiteFideId "4200772"]
[BlackFideId "3927903"]
[EventDate "2025.05.27"]

1. e4 c5 2. Nf3 d6 3. c3 Nf6 4. Be2 Nc6 5. d4 cxd4 6. cxd4 g6 7. Nc3 Bg7 8. O-O
O-O 9. Bg5 a6 10. Qd2 Bg4 11. Rad1 Qb6 12. Bxf6 Bxf6 13. Nd5 Qd8 14. Nxf6+ exf6
15. h3 Bxf3 16. Bxf3 Kg7 17. d5 Ne5 18. Be2 Rc8 19. b3 Qd7 20. f4 Rfe8 21. fxe5
Rxe5 22. Qf4 Qe7 23. Bd3 b5 24. Rc1 Re8 25. Rc6 f5 26. exf5 f6 27. fxg6 hxg6 28.
Qg3 g5 29. Rfc1 Re3 30. Qg4 Re1+ 31. Rxe1 Qxe1+ 32. Bf1 Qb1 33. Qd7+ 1-0

[Event "Titled Tue 27th May Early"]
[Site "chess.com INT"]
[Date "2025.05.27"]
[Round "10"]
[White "Zhukovskyi, Oleksandr"]
[Black "Skliarov, Viktor"]
[Result "1/2-1/2"]
[WhiteTitle "CM"]
[BlackTitle "IM"]
[WhiteElo "2153"]
[BlackElo "2334"]
[WhiteFideId "14169371"]
[BlackFideId "14106736"]
[EventDate "2025.05.27"]

1. b3 c5 2. Bb2 Nc6 3. c4 Nf6 4. Nf3 e6 5. e3 d5 6. cxd5 exd5 7. Bb5 Bd7 8. O-O
Be7 9. d4 cxd4 10. Nxd4 Nxd4 11. Bxd7+ Qxd7 12. Qxd4 O-O 13. Nd2 b6 14. Nf3 Rfd8
15. Rfd1 Rac8 16. Rac1 Qf5 17. h3 h6 18. Qe5 Qe4 19. Qxe4 dxe4 20. Ne5 Rxd1+ 21.
Rxd1 Rc2 22. Nc4 b5 23. Rd2 Rxd2 24. Nxd2 Bb4 25. Bxf6 Bxd2 26. Bd4 a6 27. Kf1
f5 28. Ke2 Bb4 29. Be5 Kf7 30. Bd4 g6 31. Be5 Ke6 32. Bg7 h5 33. Bd4 Kd5 1/2-1/2

[Event "Titled Tue 27th May Early"]
[Site "chess.com INT"]
[Date "2025.05.27"]
[Round "10"]
[White "Ejsymont, Blanka"]
[Black "Angulo Perez, Sebastian"]
[Result "0-1"]
[WhiteTitle "WCM"]
[BlackTitle "CM"]
[WhiteElo "1907"]
[BlackElo "2026"]
[WhiteFideId "21088268"]
[BlackFideId "6544045"]
[EventDate "2025.05.27"]

1. e4 c6 2. Nf3 d5 3. d3 dxe4 4. dxe4 Qxd1+ 5. Kxd1 Bg4 6. Be3 Nd7 7. c3 Ngf6 8.
Nd2 e6 9. Kc2 Nc5 10. e5 Nd5 11. Bd4 Nd7 12. c4 Nb4+ 13. Kc3 c5 14. Be3 Nc6 15.
Bf4 h6 16. Bg3 g5 17. h3 Bh5 18. Be2 Bg7 19. Ne4 Bxf3 20. Nd6+ Ke7 21. Bxf3
Ncxe5 22. Bxb7 Rab8 23. Nc8+ Kd8 24. Ba6 Nc6+ 25. Kc2 Rxb2+ 26. Kc1 Rxf2 27.
Bxf2 Bxa1 28. Nd6 Ke7 29. Bg3 Be5 30. Bxe5 Ndxe5 31. Rd1 Nb4 32. Nc8+ Kf6 33.
Bb7 Nxa2+ 34. Kb2 Nb4 35. Rf1+ Kg7 36. Ra1 a6 37. Nb6 Rb8 38. Bxa6 Rxb6 39. Bb5
Rd6 40. Ra7 Rd2+ 41. Kc1 Rxg2 42. Be8 Rf2 43. Kd1 Nxc4 44. Bb5 Ne3+ 45. Ke1 Rh2
46. Be8 Nd3# 0-1